| 000 | 00717nam a2200181 a 4500 | ||
|---|---|---|---|
| 001 | 000038731 | ||
| 005 | 20250401130908.0 | ||
| 008 | 130419s2008 000 spa d | ||
| 040 |
_aDO-SdBNP _bspa _cBNPHU |
||
| 082 |
_axxxx _bxxxx |
||
| 110 | 2 |
_aPrograma de las Naciones Unidas para el Desarrollo _9187 |
|
| 245 | 1 | 0 |
_aResumen, informe sobre desarrollo humano República Dominicana 2008 : _bdesarrollo humano, una cuestión de poder. |
| 246 | 1 | 3 | _aDesarrollo humano, una cuestión de poder |
| 260 |
_aSanto Domingo : _bPNUD, _c2008. |
||
| 300 |
_a67 p. : _bil., mapas ; _c29 cm. |
||
| 590 | _aInventariado, 2019/BT | ||
| 710 | 1 |
_aPrograma de las Naciones Unidas para el Desarrollo _bOficina de Desarrollo Humano _965037 |
|
| 999 |
_c38221 _d38221 |
||